000 00766nam a2200277 i 4500
001 C2-0322638
003 PPAK
005 20180728121453.0
008 130814s2012 my a|||| ||||| | may d
020 _a9789834700591
040 _aPPAK
_beng
_cPPAK
_erda
082 0 4 _a507.6
_223
090 0 0 _a507.6
_bOOI
_dR
100 1 _aOoi, Soi Tai,
_eauthor
245 1 0 _aSains :
_btingkatan 1
264 1 _aShah Alam, Selangor :
_bOxford Fajar ,
_c2012
300 _axii, 180 pages :
_billustrations ;
_c26 cm
336 _2rdacontent
_atext
337 _2rdamedia
_aunmediated
338 _2rdacarrier
_avolume
490 1 _aSiri Eksplorasi
650 1 0 _aScience - Problems, exercises, etc.
700 _eauthor
830 0 _aSiri Eksplorasi
942 _ddc
_cB
999 _c122883
_d122883